[Event "EIWCC 2018"]
[Site "Vysoke Tatry"]
[Date "2018.04.11"]
[Round "4"]
[White "Pavlidou, Ekaterini"]
[Black "Eric, Jovana"]
[Result "0-1"]
[WhiteElo "2164"]
[BlackElo "2300"]
[Annotator "NA"]
[PlyCount "70"]
[EventDate "2018.??.??"]
[EventType "swiss"]
[EventCountry "SVK"]
[SourceTitle "playchess.com"]
[Source "ChessBase"]
[SourceQuality "1"]
[TimeControl "40/5400+30:1800+30"]

1. d4 {[%emt 0:00:00]} f5 {[%emt 0:00:13]} 2. c4 {[%emt 0:00:11]} Nf6 {[%emt 0:00:23]} 3. Nc3 {[%emt 0:00:32]} d6 {[%emt 0:00:37]} 4. g3 {[%emt 0:09:26]} g6 {[%emt 0:01:28]} 5. Bg2 {[%emt 0:04:31]} Bg7 {[%emt 0:01:57]} 6. Nh3 {[%emt 0:03:47]} O-O {[%emt 0:03:10]} 7. Nf4 {[%emt 0:02:02]} Nc6 {[%emt 0:05:46] A86: Dutch Defence: Leningrad System: Unusual lines and 5 Nh3} 8. d5 {[%emt 0:08:31]} Ne5 {[%emt 0:00:45]} 9. Qb3 {[%emt 0:02:11]} c5 {[%emt 0:08:47]} 10. O-O {[%emt 0:06:22] LiveBook: 9 Games} a6 {[%emt 0:03:14]} 11. a4 {[%emt 0:00:29]} Qa5 {[%emt 0:02:12]} 12. Nd3 {[%emt 0:09:13]} Rb8 $146 {[%emt 0:15:00]} ({Predecessor:} 12... Nfg4 13. h3 Nxd3 14. exd3 Ne5 15. Qc2 b5 16. cxb5 axb5 17. Nxb5 {1-0 (46) Hejazipour,M (2327)-Yuffa,D (2527) Cap d'Agde 2017}) 13. Bd2 {[%emt 0:02:47]} Bd7 {[%emt 0:08:22]} ({Better is} 13... Nxd3 $14 14. exd3 Ng4) 14. Rfd1 {[%emt 0:05:01]} Qc7 {[%emt 0:05:05]} 15. h3 {[%emt 0:02:56]} (15. Nxe5 $14 dxe5 16. Qc2) 15... Ne4 {[%emt 0:05:59]} 16. Nxe4 {[%emt 0:04:10]} fxe4 {[%emt 0:00:04]} 17. Nf4 {[%emt 0:01:12]} ({White should play} 17. Nxe5 $14 Bxe5 18. Qc2) 17... Qc8 {[%emt 0:02:50]} ({Black should try} 17... b5 $15 18. cxb5 axb5) 18. Qc2 {[%emt 0:04:46]} b5 {[%emt 0:03:39]} 19. cxb5 {[%emt 0:01:05]} axb5 {[%emt 0:00:05]} 20. a5 {[%emt 0:00:59]} Nc4 {[%emt 0:03:28]} 21. Bc3 {[%emt 0:01:59]} e3 {[%emt 0:11:09]} 22. Bxg7 {[%emt 0:02:16]} exf2+ 23. Kxf2 {[%emt 0:01:40]} Kxg7 {[%emt 0:00:11]} 24. Kg1 {[%emt 0:00:46]} Kg8 {[%emt 0:00:17]} 25. Qc3 {[%emt 0:05:51]} Ne5 {[%emt 0:00:34]} 26. Ne6 {[%emt 0:02:05]} b4 {[%emt 0:01:18]} 27. Qe3 {[%emt 0:01:08]} Bxe6 {[%emt 0:02:06]} 28. dxe6 {[%emt 0:00:02]} Qa6 {[%emt 0:00:45]} 29. Bd5 $15 {[%emt 0:02:42]} c4 {[%emt 0:00:35]} 30. Rd4 {[%emt 0:01:47]} Rb5 {[%emt 0:03:33]} 31. Rh4 {[%emt 0:03:15]} h5 {[%emt 0:00:45]} 32. Bxc4 {[%emt 0:04:02]} Nxc4 {[%emt 0:00:14]} 33. Rxc4 {[%emt 0:00:11]} Rxa5 {[%emt 0:00:59]} 34. Rxa5 {[%emt 0:03:11]} Qxa5 {[%emt 0:02:44]} 35. Qh6 {[%emt 0:00:41]} Qa7+ {[%emt 0:01:18]} 0-1

[Event "EIWCC 2018"]
[Site "Vysoke Tatry"]
[Date "2018.04.11"]
[Round "4"]
[White "Smirnova, Ekaterina"]
[Black "Worek, Joanna"]
[Result "0-1"]
[WhiteElo "2153"]
[BlackElo "2295"]
[Annotator "ChessBase"]
[PlyCount "96"]
[EventDate "2018.??.??"]
[EventType "swiss"]
[EventCountry "SVK"]
[SourceTitle "playchess.com"]
[Source "ChessBase"]
[SourceQuality "1"]
[TimeControl "40/5400+30:1800+30"]

1. d4 {[%emt 0:00:00]} Nf6 {[%emt 0:00:06]} 2. c4 {[%emt 0:00:00]} e6 {[%emt 0:00:06]} 3. Nc3 {[%emt 0:00:00]} Bb4 {[%emt 0:00:09]} 4. e3 {[%emt 0:00:00]} O-O {[%emt 0:00:18]} 5. Bd3 {[%emt 0:00:00]} d5 {[%emt 0:00:45]} 6. Nf3 {[%emt 0:00:00]} dxc4 {[%emt 0:00:15]} 7. Bxc4 {[%emt 0:00:05]} c5 {[%emt 0:00:10]} 8. O-O {[%emt 0:01:10]} Nc6 {[%emt 0:01:03]} 9. a3 {[%emt 0:03:36]} Bxc3 {[%emt 0:00:24]} 10. bxc3 {[%emt 0:00:01]} Qc7 {[%emt 0:00:26]} 11. Ba2 {[%emt 0:17:51]} e5 {[%emt 0:05:12]} 12. d5 {[%emt 0:05:58]} e4 {[%emt 0:01:09]} 13. dxc6 {[%emt 0:02:27]} exf3 {[%emt 0:00:16]} 14. Qxf3 {[%emt 0:00:05]} Bg4 {[%emt 0:00:17]} 15. Qg3 {[%emt 0:00:10]} Qxc6 {[%emt 0:00:07]} 16. f3 {[%emt 0:00:12]} Be6 {[%emt 0:00:43]} 17. Bxe6 {[%emt 0:02:01]} Qxe6 {[%emt 0:00:42]} 18. e4 {[%emt 0:00:09]} Rfd8 {[%emt 0:00:17]} 19. Bg5 {[%emt 0:03:32]} Rd3 {[%emt 0:10:58]} 20. Qc7 {[%emt 0:01:02]} b6 {[%emt 0:02:36]} 21. Rad1 {[%emt 0:03:59]} c4 {[%emt 0:08:24]} 22. Bxf6 {[%emt 0:00:44]} gxf6 {[%emt 0:00:21]} 23. Rxd3 {[%emt 0:20:30]} cxd3 {[%emt 0:00:08]} 24. Rd1 {[%emt 0:00:25]} Qb3 {[%emt 0:10:05]} 25. Qg3+ {[%emt 0:00:12]} Kh8 {[%emt 0:00:54]} 26. Qe1 {[%emt 0:00:06]} Rd8 {[%emt 0:12:38]} 27. e5 {[%emt 0:01:25]} f5 {[%emt 0:00:05]} 28. h3 {[%emt 0:08:18]} Qc4 {[%emt 0:08:44]} 29. Kh1 {[%emt 0:04:26]} Rd7 {[%emt 0:05:53]} 30. Qd2 {[%emt 0:06:14]} Qb3 {[%emt 0:08:26]} 31. Qc1 {[%emt 0:04:52]} Qc2 {[%emt 0:01:29]} 32. Qd2 {[%emt 0:01:18]} Rd5 {[%emt 0:03:52]} 33. f4 {[%emt 0:00:58]} Qa4 {[%emt 0:00:50]} 34. Ra1 {[%emt 0:02:58]} Kg7 {[%emt 0:04:32]} 35. Kh2 {[%emt 0:02:46]} Kf8 {[%emt 0:04:50]} 36. Kh1 {[%emt 0:01:12]} Ke8 {[%emt 0:01:08]} 37. Kh2 {[%emt 0:01:53]} Kd7 {[%emt 0:00:47]} 38. Kh1 {[%emt 0:00:19]} Qc2 {[%emt 0:06:21]} 39. Qd1 {[%emt 0:03:14]} Kc6 {[%emt 0:00:49]} 40. Kg1 {[%emt 0:00:00]} Kc5 {[%emt 0:01:07]} 41. Kf1 {[%emt 0:01:21]} Kc4 {[%emt 0:02:47]} 42. Qh5 {[%emt 0:04:40]} d2 {[%emt 0:03:38]} 43. Rd1 {[%emt 0:00:06]} Kxc3 {[%emt 0:02:42]} 44. Kf2 {[%emt 0:01:42]} Qe4 {[%emt 0:01:38]} 45. Qxf7 {[%emt 0:01:18]} Qxf4+ {[%emt 0:01:12]} 46. Kg1 {[%emt 0:00:05]} Qe3+ {[%emt 0:00:08]} 47. Kf1 {[%emt 0:00:10]} Rd4 {[%emt 0:02:15]} 48. Qc7+ {[%emt 0:01:44]} Kb2 {[%emt 0:00:19]} 0-1

[Event "EIWCC 2018"]
[Site "Vysoke Tatry"]
[Date "2018.04.11"]
[Round "4"]
[White "Kusenkova, Natallia"]
[Black "Cibickova, Zuzana"]
[Result "1-0"]
[WhiteElo "2134"]
[BlackElo "2327"]
[Annotator "NA"]
[PlyCount "69"]
[EventDate "2018.??.??"]
[EventType "swiss"]
[EventCountry "SVK"]
[SourceTitle "playchess.com"]
[Source "ChessBase"]
[SourceQuality "1"]
[TimeControl "40/5400+30:1800+30"]

1. d4 {[%emt 0:00:00]} d5 {[%emt 0:01:18]} 2. c4 {[%emt 0:00:00]} e6 {[%emt 0:03:56]} 3. Nf3 {[%emt 0:00:47]} Nf6 {[%emt 0:00:13]} 4. g3 {[%emt 0:02:23]} dxc4 {[%emt 0:00:53]} 5. Bg2 {[%emt 0:02:51]} a6 {[%emt 0:00:03]} 6. a4 {[%emt 0:05:04]} Bb4+ {[%emt 0:01:20] E04: Open Catalan: 5 Nf3} (6... c5 7. Qc2 cxd4 8. Qxc4 Nc6 9. O-O Be7 10. Bf4 Nh5 11. Be5 Bf6 12. Qc5 Be7 13. Qc4 Bf6 14. Qc5 Be7 15. Qc4 Nxe5 16. Nxe5 f6 17. Bf3 {½-½ (17) Lubczynski,R (2431)-Jakubowski,K (2529) Poronin 2016}) 7. Bd2 {[%emt 0:01:02]} a5 $146 {[%emt 0:12:55]} ({Find the theoretical novelty and annotate with similar games:} 7... c5 8. Bxb4 cxb4 9. Qc2 Nc6 10. Qxc4 O-O 11. O-O Qe7 12. Nbd2 Bd7 13. e4 Rfc8 14. Qd3 {1-0 (41) Pienabarca,N (2115)-Neuschmied,S (2243) Bergamo 2013}) 8. Bxb4 {[%emt 0:07:04]} axb4 {[%emt 0:00:02]} 9. Ne5 {[%emt 0:00:27]} O-O {[%emt 0:02:20]} 10. Nxc4 {[%emt 0:06:26]} Nc6 {[%emt 0:02:38]} 11. e3 {[%emt 0:00:49]} Na5 {[%emt 0:01:52]} (11... e5 $5) 12. Nbd2 {[%emt 0:03:26]} Qe7 {[%emt 0:16:47]} 13. O-O {[%emt 0:06:41]} Rd8 {[%emt 0:02:39]} 14. Qc2 {[%emt 0:04:21]} Nxc4 {[%emt 0:24:10]} 15. Nxc4 {[%emt 0:00:45]} Nd7 {[%emt 0:01:18]} 16. Rfd1 {[%emt 0:07:20]} Rb8 {[%emt 0:05:53]} 17. Ne5 {[%emt 0:10:16]} c5 {[%emt 0:11:02]} 18. Nxd7 {[%emt 0:04:14]} Bxd7 {[%emt 0:00:01]} 19. Qxc5 {[%emt 0:06:16]} Qxc5 {[%emt 0:00:21]} 20. dxc5 {[%emt 0:00:05]} Bc6 {[%emt 0:01:07]} 21. Rxd8+ {[%emt 0:04:13]} Rxd8 {[%emt 0:00:00]} 22. Bxc6 {[%emt 0:00:14]} bxc6 {[%emt 0:00:01]} 23. a5 {[%emt 0:01:09]} Kf8 {[%emt 0:02:31]} 24. a6 {[%emt 0:01:46]} e5 {[%emt 0:00:16]} 25. e4 {[%emt 0:02:09]} Ke7 {[%emt 0:01:31]} 26. Kf1 {[%emt 0:03:39]} h5 {[%emt 0:01:42]} 27. b3 {[%emt 0:03:12]} f5 {[%emt 0:02:20]} 28. f3 $18 {[%emt 0:02:38]} g5 $2 {[%emt 0:01:49]} (28... fxe4 29. fxe4 Ra8) 29. Ke2 {[%emt 0:04:35]} g4 {[%emt 0:02:21]} 30. fxg4 {[%emt 0:07:15]} hxg4 {[%emt 0:00:10]} 31. Ke3 {[%emt 0:01:40]} Ke6 {[%emt 0:00:42]} 32. a7 {[%emt 0:01:15]} Ra8 {[%emt 0:00:01]} 33. Ra6 {[%emt 0:00:22]} fxe4 {[%emt 0:00:49]} 34. Kxe4 {[%emt 0:00:51]} Kd7 {[%emt 0:01:51]} 35. Kxe5 {[%emt 0:00:15]} 1-0

[Event "EIWCC 2018"]
[Site "Vysoke Tatry"]
[Date "2018.04.11"]
[Round "4"]
[White "Hereklioglu, Sude"]
[Black "Injac, Teodora"]
[Result "0-1"]
[WhiteElo "2123"]
[BlackElo "2290"]
[Annotator "TA"]
[PlyCount "132"]
[EventDate "2018.??.??"]
[EventType "swiss"]
[EventCountry "SVK"]
[SourceTitle "playchess.com"]
[Source "ChessBase"]
[SourceQuality "1"]

{[%evp 15,132,0,5,6,6,0,14,8,20,19,11,3,5,10,10,14,17,0,18,-7,2,-4,-3,-11,-9,-10,22,-20,-15,-42,-42,-49,-47,-46,-27,-31,-25,-28,0,-32,-23,-66,-58,-66,-67,-69,-66,-96,-95,-77,-64,-80,-60,-76,-50,-64,-66,-185,-135,-377,-336,-510,-518,-500,-490,-872,-867,-742,-668,-646,-626,-584,-565,-978,-925,-732,-445,-501,-486,-390,-477,-491,-443,-466,-434,-594,-592,-917,-789,-1141,-1051,-29977,-29978,-29978,-29979,-29979,-29980,-29978,-29981,-29981,-29981,-29970,-2338,-2154,-1914,-29956,-29957,-29982,-29982,-29982,-29983,-29985,-29986,-29989,-29987,-29987,-29987,-29987,-29988]} 1. d4 Nf6 2. Nf3 g6 3. Bg5 Bg7 4. Nbd2 O-O 5. e4 d6 6. c3 h6 7. Bxf6 Bxf6 8. Bc4 {A48: 1 d4 Nf6 2 Nf3 g6: Torre, London and Colle Systems} e5 {LiveBook: 3 Games} (8... c6 9. e5 Bg7 10. O-O Bg4 11. Qe1 e6 12. Qe3 Bxf3 13. Nxf3 Nd7 14. exd6 Nb6 15. Bb3 Qxd6 16. Rfe1 Rad8 17. Rad1 Nd5 18. Qe4 Nf6 19. Qe3 Nd5 20. Qe4 Nf6 21. Qe3 Nd5 22. Qe4 Nf6 {½-½ (22) Ghaem Maghami,E (2556)-Safarli,E (2641) Bandar e Anzali 2017}) 9. O-O Nd7 10. Bb3 $146 {The position is equal.} ({Predecessor:} 10. dxe5 dxe5 11. b4 Qe7 12. Qc2 Rd8 13. Be2 Nf8 14. Nc4 h5 15. Rfd1 Bg4 {½-½ (75) Rozic,V (2240)-Cedikova,K (2214) Novi Sad 2009}) 10... Qe7 11. Re1 Bg7 12. Nc4 Nb6 13. Qd3 Bg4 14. Ncd2 Rad8 15. h3 Bd7 16. Nf1 Qf6 17. Rad1 Rfe8 18. N1h2 a5 19. a3 a4 20. Ba2 Be6 21. d5 Bc8 22. Bb1 Nd7 23. Re3 Nc5 24. Qe2 c6 {[%cal Bc7c6,Bc6c5][%mdl 32]} 25. Ba2 h5 26. Ne1 Qh4 27. Qf3 Rf8 28. Nd3 Nxd3 29. Rdxd3 c5 30. Qd1 Bh6 31. Re2 Bd7 32. c4 Rb8 33. Rc3 Kh7 34. Bb1 Qd8 35. Bc2 Qa5 36. g4 (36. Nf1 $15) 36... hxg4 37. hxg4 $2 (37. Nxg4 $17 {is the only way for White.} Bg5 38. Rg3) 37... Bf4 38. f3 (38. Qe1 {might work better.} Qb6 39. Nf1) 38... Kg7 $19 39. Nf1 Rh8 40. Ne3 (40. Rg2 $142 Rh3 41. Qe2) 40... Rh3 41. Rg2 Rbh8 42. Kf2 Qd8 {Strongly threatening ...Rh2.} 43. Nf1 b5 44. cxb5 Bxb5 {[#] ( -> ...Qh4+)} 45. Bd3 Qb6 46. Bxb5 Qxb5 47. Qe2 Qb6 48. Ke1 Rh1 49. Qc4 Qa5 50. Kf2 Rb8 51. Qe2 Qd8 {aiming for ...Qh4+.} 52. Ke1 Qh4+ 53. Kd1 {[#]} Rxb2 $1 {[%mdl 512]} 54. Qxb2 Rxf1+ 55. Kc2 Qe1 {[%csl Gf1][%cal Re1d1]} 56. Kd3 Rxf3+ 57. Kc4 Rxc3+ 58. Qxc3 Qxe4+ (58... Qf1+ $142 59. Qd3 Qxg2 60. Kb5 Qa2 61. Kc6 c4 62. Qd1 c3 63. Qe1 c2 64. Qb4 c1=Q+ 65. Kb7 Qaxa3 66. Qb5 Qb3 67. Qb6 Qxb6+ 68. Kxb6 a3 69. Kb7 a2 70. Kb6 a1=Q 71. Kb7 Qab1+ 72. Ka8 Qa3#) 59. Kb5 Qxg2 {[%mdl 4096] Endgame} 60. Qc4 Qxg4 {Black mates.} 61. Kxa4 Qd1+ 62. Kb5 Qd4 63. Qe2 Qxd5 64. a4 Qb3+ 65. Kc6 Qxa4+ 66. Kxd6 Qd4+ {Precision: White = 33%, Black = 46%.} 0-1

[Event "EIWCC 2018"]
[Site "Vysoke Tatry"]
[Date "2018.04.11"]
[Round "4"]
[White "Froewis, Annika"]
[Black "Milcova, Zuzana"]
[Result "1-0"]
[WhiteElo "2113"]
[BlackElo "2033"]
[Annotator "NA"]
[PlyCount "81"]
[EventDate "2018.??.??"]
[EventType "swiss"]
[EventCountry "SVK"]
[SourceTitle "playchess.com"]
[Source "ChessBase"]
[SourceQuality "1"]
[TimeControl "40/5400+30:1800+30"]

1. e4 {[%emt 0:00:00]} d5 {[%emt 0:00:04]} 2. exd5 {[%emt 0:00:00]} Qxd5 {[%emt 0:00:04]} 3. Nc3 {[%emt 0:00:00]} Qd6 {[%emt 0:00:05]} 4. d4 {[%emt 0:00:25]} Nf6 {[%emt 0:00:12]} 5. Nf3 {[%emt 0:00:57]} c6 {[%emt 0:00:20]} 6. Ne5 {[%emt 0:05:18]} Nbd7 {[%emt 0:01:20]} 7. Nc4 {[%emt 0:03:48]} Qc7 {[%emt 0:01:35]} 8. g3 {[%emt 0:02:02]} Nb6 {[%emt 0:01:56]} 9. Bf4 {[%emt 0:12:09]} Qd8 {[%emt 0:00:36]} 10. Ne5 {[%emt 0:01:57]} Be6 {[%emt 0:08:38] LiveBook: 4 Games} 11. Bg2 {[%emt 0:10:12]} Nbd5 {[%emt 0:04:36]} 12. Ne2 {[%emt 0:06:09]} Rc8 {[%emt 0:31:10]} 13. O-O {[%emt 0:18:25]} g6 $16 {[%emt 0:03:43]} 14. c4 {[%emt 0:01:47]} Nxf4 {[%emt 0:16:19]} 15. Nxf4 {[%emt 0:00:15]} Bd7 {[%emt 0:08:28]} 16. Re1 {[%emt 0:05:17]} Bg7 {[%emt 0:02:04]} 17. Qa4 {[%emt 0:10:54]} O-O {[%emt 0:08:23]} 18. Qxa7 {[%emt 0:03:58]} Qc7 {[%emt 0:02:01]} 19. Qa3 {[%emt 0:01:00]} Bf5 {[%emt 0:03:19]} 20. Qb3 {[%emt 0:04:45]} e6 {[%emt 0:00:56]} 21. Rad1 {[%emt 0:01:00]} Rcd8 {[%emt 0:01:16]} 22. a3 {[%emt 0:04:01]} h5 {[%emt 0:00:40]} 23. Ne2 {[%emt 0:02:34]} Ng4 {[%emt 0:00:52]} 24. f4 {[%emt 0:01:01]} f6 {[%emt 0:01:25]} 25. Nf3 {[%emt 0:00:40]} Kh7 {[%emt 0:00:36]} 26. Nc3 {[%emt 0:01:39]} Rd7 {[%emt 0:00:15]} 27. Ne4 {[%emt 0:00:50]} b6 {[%emt 0:00:44]} 28. c5 {[%emt 0:01:00]} b5 {[%emt 0:00:18]} 29. Nd6 {[%emt 0:00:24]} Rfd8 {[%emt 0:00:48]} 30. Nxf5 {[%emt 0:00:51]} exf5 {[%emt 0:00:06]} 31. h3 {[%emt 0:00:30]} Nh6 {[%emt 0:00:09]} 32. Re6 {[%emt 0:00:28]} Ng8 {[%emt 0:00:41]} 33. Rxc6 {[%emt 0:00:59]} Qxc6 {[%emt 0:01:17]} 34. Ng5+ {[%emt 0:00:06]} fxg5 {[%emt 0:00:04]} 35. Bxc6 {[%emt 0:00:05]} Rxd4 {[%emt 0:00:35]} 36. Rxd4 {[%emt 0:00:42]} Bxd4+ {[%emt 0:00:28]} 37. Kg2 {[%emt 0:00:13]} Bxc5 {[%emt 0:01:35]} 38. Qf7+ {[%emt 0:00:37]} Kh6 {[%emt 0:00:40]} 39. Be8 {[%emt 0:01:41]} Ne7 {[%emt 0:00:09]} 40. Qf8+ {[%emt 0:00:00]} Kh7 {[%emt 0:00:08]} 41. Bxg6+ {[%emt 0:00:47]} 1-0

[Event "EIWCC 2018"]
[Site "Vysoke Tatry"]
[Date "2018.04.11"]
[Round "4"]
[White "Zpevakova, Jana"]
[Black "Koloditsova, Renata"]
[Result "1-0"]
[WhiteElo "2106"]
[BlackElo "1978"]
[Annotator "TA"]
[PlyCount "119"]
[EventDate "2018.??.??"]
[EventType "swiss"]
[EventCountry "SVK"]
[SourceTitle "playchess.com"]
[Source "ChessBase"]
[SourceQuality "1"]

{[%evp 18,119,-3,-10,-16,-25,-14,-58,-34,-52,-54,-135,-138,-133,-152,-143,-112,-197,-111,-111,-110,-106,-104,-110,-23,-13,0,-111,-111,-118,-93,-108,-93,-88,0,0,0,0,4,0,0,8,4,3,8,-8,-8,-20,0,0,0,0,0,0,0,-8,0,-23,0,0,0,0,0,0,20,0,0,0,47,34,33,0,0,0,0,0,0,0,23,27,283,290,242,241,400,394,368,343,760,747,892,754,746,745,687,577,4618,4618,4618,4618,29987,29988,29988,29988]} 1. d4 Nf6 2. c4 g6 3. Nc3 d5 4. cxd5 Nxd5 5. Bd2 Bg7 6. Nf3 c5 7. Rc1 Nxc3 8. Bxc3 cxd4 {D90: Grünfeld: 4 Nf3 Bg7 sidelines} 9. Bxd4 (9. Nxd4 O-O 10. e3 Bd7 11. Nb3 Ba4 12. Be2 Qxd1+ 13. Bxd1 Rd8 14. Bxg7 Kxg7 15. Rc7 Nd7 16. O-O Bc6 17. Nd4 Rdc8 18. Rxc8 Rxc8 19. Nxc6 Rxc6 {½-½ (37) Sokolov,I (2603)-Deac,B (2560) Heraklio 2017}) 9... O-O 10. Bxg7 {LiveBook: 3 Games} Kxg7 {The position is equal.} 11. Qxd8 Rxd8 12. e4 Nc6 13. Bc4 $146 ({Predecessor:} 13. Bb5 Nd4 14. Nxd4 Rxd4 15. f3 Rb4 16. Bc4 Rxb2 {0-1 (43) Rutkowski,P (2055)-Shilov,S (2330) Poland 1998}) 13... Bg4 14. Nd2 (14. Ke2 $15) 14... Ne5 $17 {[#] Threatens to win with ...Rac8.} 15. f4 Nxc4 16. Rxc4 Rac8 17. b3 (17. Rxc8 $17 Rxc8 18. Kf2) 17... b5 ({Black should play} 17... Rxc4 $19 18. bxc4 Rd3) 18. Rxc8 Rxc8 {[%mdl 4096] Endgame KRB-KRN} 19. Kf2 Rc2 20. Ke3 Rc3+ (20... Rxa2 $17 21. Rc1 Be6) 21. Kd4 $11 Rc2 (21... b4 {is interesting.} 22. Nc4 Rc2 23. a3 Rxg2 24. Ra1 a5) 22. Kd3 (22. Ke3 $1 $11) 22... Rxa2 $17 23. h3 Be6 24. g4 Ra3 25. Kc3 a5 (25... Ra6 $17) 26. Kb2 $11 b4 27. f5 Bxb3 28. Nxb3 {KRN-KR} Kf6 29. h4 Ke5 30. fxg6 fxg6 31. Rf1 a4 32. Nd2 {[#] aiming for Nc4+.} Rh3 33. Nf3+ Kd6 34. Rd1+ Kc5 35. Rd5+ Kb6 36. Rd3 Kc5 37. g5 Rg3 38. Rd5+ Kb6 39. Nd2 Rg2 40. Kc2 Rh2 41. Rd7 Rxh4 42. Rxe7 Rh2 43. Rd7 Rg2 44. Rd5 Rg3 45. Nc4+ Kc6 {...Rc3+ is the strong threat.} 46. Ne5+ Kb6 47. Nc4+ Kc7 {Hoping for ...Rc3+.} 48. Rc5+ Kd7 $2 {[%mdl 8192]} (48... Kd8 $11) 49. Nb6+ $18 Kd6 50. Rd5+ Ke6 $2 (50... Kc6 51. Nxa4 Re3 52. Rc5+ Kd6) 51. Nxa4 Rh3 52. Nc5+ Kf7 $2 (52... Ke7 53. Kd2 Rg3 54. Rd7+ Ke8 55. Rxh7 Rxg5) 53. e5 {[%cal Be4e5,Be5e6][%mdl 32]} b3+ 54. Nxb3 Ke6 55. Ra5 Kf5 56. Nd4+ Kxg5 57. e6+ Kf6 58. Ra7 h5 59. Rf7+ Kg5 60. Nf3+ {Precision: White = 64%, Black = 36%.} 1-0

[Event "EIWCC 2018"]
[Site "Vysoke Tatry"]
[Date "2018.04.11"]
[Round "4"]
[White "Hapala, Elisabeth"]
[Black "Paramzina, Anastasya"]
[Result "0-1"]
[WhiteElo "2091"]
[BlackElo "2271"]
[Annotator "NA"]
[PlyCount "76"]
[EventDate "2018.??.??"]
[EventType "swiss"]
[EventCountry "SVK"]
[SourceTitle "playchess.com"]
[Source "ChessBase"]
[SourceQuality "1"]
[TimeControl "40/5400+30:1800+30"]

1. e4 {[%emt 0:00:00]} c5 {[%emt 0:00:06]} 2. Nf3 {[%emt 0:00:00]} d6 {[%emt 0:00:08]} 3. d4 {[%emt 0:00:00]} cxd4 {[%emt 0:00:03]} 4. Nxd4 {[%emt 0:00:00]} Nf6 {[%emt 0:00:04]} 5. Nc3 {[%emt 0:00:00]} a6 {[%emt 0:00:04]} 6. Be3 {[%emt 0:00:00]} e6 {[%emt 0:00:06]} 7. g4 {[%emt 0:00:11]} h6 {[%emt 0:03:08]} 8. Bg2 {[%emt 0:00:39]} Nc6 {[%emt 0:05:21]} 9. h3 {[%emt 0:00:30]} Ne5 {[%emt 0:00:32]} 10. Qe2 {[%emt 0:00:26]} g5 {[%emt 0:03:02]} 11. O-O-O {[%emt 0:00:20]} Bg7 {[%emt 0:00:43]} 12. f4 {[%emt 0:11:40]} gxf4 {[%emt 0:01:10]} 13. Bxf4 {[%emt 0:00:06]} Nfd7 {[%emt 0:02:20]} 14. Kb1 {[%emt 0:13:01]} b5 {[%emt 0:00:50] [#]} 15. h4 {[%emt 0:06:26]} ({Better is} 15. Nf5 $1 $16 {[%cal Rf5g7]} exf5 16. exf5) 15... Bb7 {[%emt 0:05:24] [#]} (15... b4 $14 16. Na4 Qa5) 16. g5 {[%emt 0:07:31]} (16. Nf5 $1 $16 {[%cal Rf5g7]} exf5 17. exf5) 16... b4 {[%emt 0:15:11]} 17. Na4 {[%emt 0:03:13]} Qa5 {[%emt 0:22:02]} 18. b3 {[%emt 0:23:24]} hxg5 $16 {[%emt 0:01:30]} 19. Bxg5 {[%emt 0:08:08]} Rc8 {[%emt 0:11:02]} 20. Nb2 {[%emt 0:10:21]} Qc5 {[%emt 0:05:06]} 21. Na4 {[%emt 0:02:08]} Qa5 {[%emt 0:06:32]} 22. Nb2 {[%emt 0:08:24]} Qc5 {[%emt 0:01:05]} 23. Bh3 {[%emt 0:00:32]} Nc6 {[%emt 0:03:23]} 24. Nxc6 {[%emt 0:03:03]} Qc3 {[%emt 0:02:07]} 25. Nd4 {[%emt 0:01:52]} Bxd4 {[%emt 0:01:29]} 26. Rxd4 {[%emt 0:00:05]} Qxd4 {[%emt 0:00:13]} 27. Nc4 {[%emt 0:00:12]} Rxc4 {[%emt 0:02:24]} 28. Qxc4 {[%emt 0:01:02]} Qxc4 {[%emt 0:00:08]} 29. bxc4 {[%emt 0:00:01]} Bxe4 {[%emt 0:03:47]} 30. Re1 {[%emt 0:00:03]} Nc5 {[%emt 0:01:40]} 31. Kb2 {[%emt 0:01:30]} f5 {[%emt 0:01:49]} 32. Rg1 {[%emt 0:00:39]} Kf7 {[%emt 0:00:22]} 33. c3 {[%emt 0:00:27]} Rb8 {[%emt 0:00:35]} 34. cxb4 {[%emt 0:00:16]} Rxb4+ {[%emt 0:00:10]} 35. Kc3 {[%emt 0:00:04]} Ra4 {[%emt 0:00:05]} 36. Bg2 {[%emt 0:01:10]} Ra3+ {[%emt 0:01:14]} 37. Kb2 {[%emt 0:00:33]} Rg3 {[%emt 0:00:13]} 38. Bf4 {[%emt 0:00:32]} Nd3+ {[%emt 0:00:19]} 0-1